Nuevos tiempos. Nuevas soluciones (Registro nro. 29624)

Detalles MARC
000 -LEADER
fixed length control field 00314 a2200109 4500
001 - CONTROL NUMBER
control field ART_41078
005 - DATE AND TIME OF LATEST TRANSACTION
control field 20260410161942.0
008 - FIXED-LENGTH DATA ELEMENTS--GENERAL INFORMATION
fixed length control field 260409a
100 1# - MAIN ENTRY--PERSONAL NAME
Personal name Chara, María J.
245 10 - TITLE STATEMENT
Title Nuevos tiempos. Nuevas soluciones
773 0# - HOST ITEM ENTRY
Title Temas de derecho laboral
Related parts - Nº 2 (feb. 2017)
Record control number REV27619

No hay ítems disponibles.